00739 2200253 4500001002100000005001500021035002000036007000300056008004100059020002200100082001000122084001600132100002500148245010300173250001000276260003400286300003600320650003900356700001700395700001800412504003300430990001100463990001100474INLIS00000000000375620190718084227 a0010-0719000174ta190718 g 0 ind  a978-602-1622-17-9 a633.8 a633.8 YUS p0 aYUSNU, Iman Nurhakim1 aPerkebunan Karet Skala Kecil Cepat Panen /cYusnu Iman Nurhakim, Aditya Hani; editor, Azka Ramadan acet.1 aDepok :bInfra Pustaka,c2014 avi, 189 hlm. :bilus. ;c23 cm. 4aKARET. PERKEBUNAN TANAMAN INDUSTRI0 aADITYA, Hani0 aAZKA, Ramadan aBibliografi : hlm. 188 - 189 a5795 a a5795 b